=LDR 00000nam 2200000 4500 =001 INLIS000000000000301 =005 20150306084531.0 =006 =007 =008 Ind =035 ##$$0010-061300000000301 =041 ##$$a Ind =082 ##$$a 636.6 =090 ##$$a 636.6 Tur s =100 ##$$a Turut, Rusli =245 ##$$a Sukses melatih cucakrawa berkicau / Rusli Turut =260 ##$$a Jakarta $b Penebar Swadaya $c [19-?] =300 ##$$a vi,66 hlm. : ilus. ; 21 cm =650 ##$$a Cucakrawa =850 ##$$a NBPNMAT